| 000 | 00352nam a2200109Ia 4500 | ||
|---|---|---|---|
| 008 | 220204s9999 xx 000 0 und d | ||
| 082 |
_a632.95 _bRES.64 |
||
| 245 | 0 | _aResidue reviews: Residues of pesticides and other contaminants in the total environment. V 64. | |
| 260 |
_aNew York _bSpringer Verlag _c1976 |
||
| 650 | _aPesticide residues | ||
| 942 | _cBK | ||
| 999 |
_c26541 _d26541 |
||